Come, tell me how you live

Bibliographic Details
Main Author: Christie, Agatha
Format: Book
Published: London : HarperCollinsPublishers , 1999
Subjects:

MARC

LEADER 00000cam a2200000 7i4500
001 0000028655
005 20100824.0
008 091216
020 |a 0006531148 
090 0 0 |a CHR   |b ENG 
100 1 |a Christie, Agatha 
245 0 0 |a Come, tell me how you live   |c Agatha Christie 
260 |a London :   |b HarperCollinsPublishers ,   |c 1999 
600 0 |a Christie, Agatha, 1890-1976   |x Travel   |z Syria 
650 0 |a Authors, English   |x Biography 
650 0 |a Excarations (Archaeology)   |z Syria 
651 0 |a Syria   |x Description and travel 
999 |a 0001047478   |b Book   |c Adult Collection   |e Perbadanan Perpustakaan Awam Johor 
999 |a 0001047479   |b Book   |c Adult Collection   |e Perbadanan Perpustakaan Awam Johor 
999 |a 0001047480   |b Book   |c Adult Collection   |e Perbadanan Perpustakaan Awam Johor